Software Project Management (Record no. 147622)

MARC details
000 -LEADER
fixed length control field 00393nam a2200157Ia 4500
008 - FIXED-LENGTH DATA ELEMENTS--GENERAL INFORMATION
fixed length control field 230917s9999||||xx |||||||||||||| ||und||
040 ## - CATALOGING SOURCE
-- 123376
Original cataloging agency VIVEKANANDA LIBRARY
041 ## - Language
-- English
082 ## - DDC NUMBER
Classification number 005.1 H874S(6)
100 ## - MAIN ENTRY--PERSONAL NAME
Personal name Hughes, Bob
245 #0 - TITLE STATEMENT
Title Software Project Management
250 ## - EDITION STATEMENT
Edition statement 6th ed.
260 ## - PUBLICATION, DISTRIBUTION, ETC. (IMPRINT)
Place of publication, distribution, etc Chennai
Name of publisher, distributor, etc McGraw Hill Education (India)
Date of publication, distribution, etc 2019
300 ## - PHYSICAL DESCRIPTION
Pages 454 p.
942 ## - ADDED ENTRY ELEMENTS (KOHA)
Koha item type Books
Holdings
Withdrawn status Lost status Damaged status Not for loan Location (home branch) Sublocation or collection (holding branch) Date acquired Koha issues (times borrowed) Koha full call number Accession No. Koha date last seen Koha item type Shelving location
        VIVEKANANDA LIBRARY VIVEKANANDA LIBRARY 31/05/2009   005.1 H874S(6) 262993 17/09/2023 Books  
        VIVEKANANDA LIBRARY VIVEKANANDA LIBRARY 31/05/2009 2 005.1 H874S(6) 262994 18/12/2025 Books UIET Library
        VIVEKANANDA LIBRARY VIVEKANANDA LIBRARY 31/05/2009   005.1 H874S(6) 262995 17/09/2023 Books UIET Library
        VIVEKANANDA LIBRARY VIVEKANANDA LIBRARY 31/05/2009   005.1 H874S(6) 262996 17/09/2023 Books UIET Library
        VIVEKANANDA LIBRARY VIVEKANANDA LIBRARY 31/05/2009   005.1 H874S(6) 262997 17/09/2023 Books UIET Library
        VIVEKANANDA LIBRARY VIVEKANANDA LIBRARY 31/05/2009   005.1 H874S(6) 262998 17/09/2023 Books UIET Library
        VIVEKANANDA LIBRARY VIVEKANANDA LIBRARY 31/05/2009   005.1 H874S(6) 262999 17/09/2023 Books UIET Library
        VIVEKANANDA LIBRARY VIVEKANANDA LIBRARY 31/05/2009 1 005.1 H874S(6) 263000 23/12/2024 Books UIET Library
© Designed and Maintained by Vivekananda Library, MDU Rohtak